| 000 | 00820nam a2200253 i 4500 | ||
|---|---|---|---|
| 001 | bg | ||
| 100 | 1 |
_aHAMMING, Richard Wesley _d(1915- ) |
|
| 245 | 1 | 0 |
_aNumerical methods for scientists and engineers / _cR. W. Hamming. |
| 250 | _a2nd ed. | ||
| 260 |
_aNew York : _bDover, _c1986. |
||
| 300 |
_aXI, 721 s. : _bwykr. ; _c21 cm. |
||
| 500 | _aReprint. Wyd. oryg.: New York, McGraw-Hill, 1973. | ||
| 504 | _aIndeks. | ||
| 650 | 9 | _aAnaliza numeryczna | |
| 655 | _aPodręczniki akademickie | ||
| 020 | _a0486652416 | ||
| 040 | _cBPK | ||
| 041 | 0 | _aeng | |
| 080 | _a519.6(075.8) | ||
| 920 | _a0-486-65241-6 | ||
| 942 | _cKS | ||
| 008 | s pl f |000 0 pol | ||
| 999 |
_c51598 _d51598 |
||
| 856 |
_uhttp://koha.tu.koszalin.pl/cgi-bin/koha/opac-detail.pl?biblionumber=51598 _yKatalog online BPK |
||